Largo : novela /
Uloženo v:
| Hlavní autor: | |
|---|---|
| Médium: | Neznámo |
| Jazyk: | Spanish |
| Vydáno: |
Caracas, Venezuela:
Monte Ávila ,
1978
|
| Vydání: | 1 edición |
| Edice: | Colección Continente
|
| Témata: | |
| Tagy: |
Přidat tag
Žádné tagy, Buďte první, kdo vytvoří štítek k tomuto záznamu!
|
MARC
| LEADER | 000000000a22000000004500 | ||
|---|---|---|---|
| 001 | 001181 | ||
| 008 | 170623s1978 ve ||||| |||| 00| f spa d | ||
| 041 | 0 | |a Español | |
| 082 | |a V863.4 |b B193-L | ||
| 100 | 1 | |a Balza, José | |
| 245 | 1 | 0 | |a Largo : |b novela / |c José Balza |
| 250 | |a 1 edición | ||
| 260 | |a Caracas, Venezuela: |b Monte Ávila , |c 1978 | ||
| 300 | |a 141 páginas | ||
| 490 | 1 | |a Colección Continente | |
| 500 | |a Número de inscripción 7241 | ||
| 650 | 4 | |a LITERATURA VENEZOLANA |v NOVELA | |
| 942 | |2 ddc |c BK | ||
| 999 | |c 2264 |d 2264 | ||
